| 000 | 00000nam##2200000za#4500 |
| 001 | 9.590969 |
| 003 | CaOODSP |
| 005 | 20210624200359 |
| 007 | cr ||||||||||| |
| 008 | 150406|2005||||xxc|||||o f|0| 0 fre|d |
| 020 | |a0-662-86332-1 |
| 040 | |aCaOODSP|bfre |
| 043 | |an-cn--- |
| 086 | 1 |aCS92-377F-IN |
| 245 | 00|aCatalogue du recensement de 2001 |h[ressource électronique] |
| 246 | 3 |aProduits de référence : recensement de 2001 |
| 260 | |bStatistique Canada. |c2005, c2004. |
| 300 | |a260p.|btableaux |
| 490 | 1 |aRecensement 2001 |
| 520 | 3 |aIl contient des descriptions détaillées de tous les produits et services tirés du recensement de 2001, y compris les prix, les dates de diffusion et les supports, les numéros de catalogue et ISBN. |
| 590 | |a06-04-Supp|b2006-10-02 |
| 691 | 07|aDonnées du recensement|2gcpds |
| 691 | 07|aRecensement|2gcpds |
| 710 | 1 |aCanada.|bStatistique Canada. |bRecensement. |
| 775 | 08|t2001 Census catalogue |w(CaOODSP)9.557969 |
| 830 | #0|aRecensement 2001.|w(CaOODSP)9.500841 |
| 856 | 40|ahttp://publications.gc.ca|qPDF|s2663 Ko|uhttps://publications.gc.ca/collections/Collection/Statcan/92-377-X/92-377-XIF02001.pdf |